| 000 | 01032nam a22002417a 4500 | ||
|---|---|---|---|
| 999 |
_c6919 _d6919 |
||
| 003 | AR-CdUCM | ||
| 008 | 190319b ||||| |||| 00| 0 spa d | ||
| 040 |
_aMUNICIPALIDAD PROVINCIAL DEL CUSCO _cBIBLIOTECA MUNICIPAL DEL CUSCO |
||
| 041 | _heng | ||
| 082 |
_a709 / _bUN57 |
||
| 110 |
_aUnited Nations Eduational, Scientific and Cultural Organization _919206 |
||
| 245 | _aMiniaturas turcas / | ||
| 260 |
_aMéxico-Buenos Aires _bEditorial Hermes, _c1965. |
||
| 300 |
_a28 páginas ; _bIlustraciones en color, desplegables _c17 cm. |
||
| 440 |
_aUnesco-Hermes Bolsilibros de Arte _n16 _919495 |
||
| 505 | _aContenido : Texto de Richard Ettinghausen -- Varka y Gulchah -- Ell llamado Album del Conquistador.Hombre y caballo -- Ell llamado Album del Conquistador.Estilo de Mehed -- Ell llamado Album del Conquistador.Segunda mitad del siglo XV... | ||
| 650 |
_aArte _9561 |
||
| 650 |
_aHistoria del arte _91647 |
||
| 650 |
_aArte Turco _919496 |
||
| 700 |
_aRichard Ettinghausen _919497 |
||
| 942 |
_2ddc _cLIBROS |
||
| 945 | _admma | ||